000 01393nam a2200277 a 4500
001 1814655
003 AM-YEHGA
005 20250618080041.0
008 220124s2021 ai ||||gr|||||000|||arm||
020 _a9789939038667
040 _aAM-YeHGA
041 1 _aarm
_b
100 1 _aՀամբարձումեան, Ռաֆայէլ
_94055
245 1 0 _aՀայոց ԺԸ-ԻԱ դարերի ռուսաթելադիր պատմութեան սրբագրումներ /
_cՌ. Համբարձումեան ; Խմբագիր՝ Ա. Պետրոսեան ; Հրատարակիչ՝ Մամիկոնէից-տարօնականների ուխտ հանրային մարմին.
260 _aԵրեւան ։
_bԱռանց հրատարակչության,
_c2021.
300 _a217 էջ ;
_c20 սմ.
500 _aԳրքի թվային տարբերակը ՀԱԳ-ին է տրամադրել իրավատերը։
546 _aԱմփոփումը՝ անգլերեն լեզվով։
650 1 4 _aՀայ-ռուսական հարաբերություններ
_y18-21 դդ.
650 1 4 _aՀայոց պատմություն
700 1 _aՊետրոսեան, Աշոտ
_eխմբագիր
_4edt
710 2 _aՄամիկոնէից-տարօնականների ուխտ հանրային մարմին
856 4 1 _uhttp://haygirk.nla.am/upload/1941-/hayoc j@ ia dar rus_2021.pdf
_yԿարդալ առցանց
942 _2z
_cBK
090 _c529818
999 _c523503
_d523503